"Ein schwieriges Verhältnis" - Österreich und die ČSR 1945 bis 1950

Titel: "Ein schwieriges Verhältnis" - Österreich und die ČSR 1945 bis 1950
Verfasser:
In: Kontakte und Konflikte, (1993), Seite 479-490
alle Artikel anzeigen
Veröffentlicht: 1993
Format: Aufsatz
Sprache: Deutsch
Kein Bild verfügbar
X
alg: 39172663
001A    $01999:11-11-16 
001B    $01999:25-04-21 $t10:54:18.000 
001D    $01999:11-11-16 
001U    $0utf8 
001X    $00 
002@    $0Aox 
003@    $0391726633 
007A    $0391726633 $aHEB 
007T    $0Herdc0042810m 
010@    $ager 
011@    $a1993 
021A    $a"Ein @schwieriges Verhältnis" - Österreich und die ČSR 1945 bis 1950 
028A    $aRathkolb $dOliver 
031A    $h479-490 $j1993 
039B    $aIn $8--Aauc--. @Kontakte und Konflikte. - Horn {[u.a.] : Waldviertler Heimatbund, 1993. - 553 S.. - Ill., graph. Darst., Kt.. - ISBN 3-900708-10-X $x199300000000000521 $9027138232 
045F    $a909 $eDDC23BSB 
045F/01 $a909 
045F/03 $g4371 
045F/03 $g4373 

lok: 39172663 78

exp: 39172663 78 1 #EPN
201B/01 $026-11-17 $t00:50:58.000 
201U/01 $0utf8 
203@/01 $0787821373 
208@/01 $a11-11-16 $be 
209A/01 $a/ $f000 $x00 
220C/01 $aTitelaufnehmer: nk;an 
220C/01 $aHerkunft: HI Marburg 
244Z/01 $#Tschechien $#Tschechische Republik $#Tschechische Republik $#Tschechenland $#Tschechei Tschechien $#Česká Republika $#Czech Republic $#ČR $74303381-7 $8--Tg1--Tschechien $x01 $9086659812 
244Z/01 $2Trx $#Böhmen $#Bohemia $#Czechy $8--Trx--Čechy $x02 $9391188941 
244Z/01 $2Trx $#Slowakische Republik $#Szlovák Köztársaság $#Republika Słowacka $#Slovenská Republika $#Slovensko $#Slowakei $#Słowacja $#Slovensko $8--Trx--Slovenská Republika $x03 $9391345796 
244Z/01 $aGeschichte 1918-1950 $x04 
244Z/01 $2Trx $#suhted, Austria-Tšehhoslovakkia $#santykiai, Austrijos ir Čekoslovakijos $#relations, Austrian-Czechoslovakian $#kapcsolatok, csehszlovák-osztrák $#stosunki austriacko-czechosłowackie $#vzťahy československo-rakúske $#vztahy československo-rakouské $8--Trx--Beziehungen, österreichisch-tschechoslowakische $x05 $9391378236 
244Z/01 $2Trx $#natsionaalsotsialism 1920-1945 $#nacionalsocializmas 1920-1945 $#National Socialism 1920-1945 $#nemzetiszocializmus 1920-1945 $#narodowy socjalizm 1920-1945 $#socializmus národný 1920-1945 $#národní socialismus 1920-1945 $8--Trx--Nationalsozialismus$g1920-1945 $x06 $9391359525 
244Z/01 $2Trx $#poliitikud $#politikai $#politicians $#politikus $#politycy $#politici $#politici $#Staatsmänner $#štátnici $#státníci $8--Trx--Politiker $x07 $9391382128 
244Z/01 $2Trx $8--Trx--Einzelbeiträge $x08 $9391384570 
245Z/01 $a07.07 $x01 
247C/01 $82080>Marburg/Lahn, Herder-Institut, Forschungsbibliothek, Bibliographieportal $9336309341
LEADER 00000caa a22000002c 4500
001 391726633
003 DE-603
005 20210425105418.0
007 tu
008 161111s1993 xx |||| | u00||u|ger c
035 |a (DE-599)HEB391726633 
040 |a DE-603  |b ger  |c DE-603  |d DE-603 
041 |a ger 
082 0 4 |8 1\u  |a 909  |q DE-101  |2 23/BSB 
085 |8 1\u  |b 909 
085 |8 1\u  |z 2  |s 4371 
085 |8 1\u  |z 2  |s 4373 
100 1 |a Rathkolb, Oliver 
245 0 0 |a ˜"Einœ schwieriges Verhältnis" - Österreich und die ČSR 1945 bis 1950 
264 0 |c 1993 
773 0 8 |i In  |t Kontakte und Konflikte  |d Horn ˜[u.a.] œ: Waldviertler Heimatbund, 1993  |h 553 S., Ill., graph. Darst., Kt.  |z 390070810X  |g (1993), Seite 479-490  |w (DE-603)027138232 
924 0 |9 2080  |a (DE-603)787821373  |b DE-2080  |c HES  |d d  |g /